000 00354nam a2200157Ia 4500
001 28929
003 IN-NITTTR
005 20251114233356.0
008 251113s9999||||xx |||||||||||||| ||eng||
040 _beng
040 _cIN-NITTTR
041 _aeng
082 _a378.2042 B777
245 0 _aBritish vocational qualifications 2010 /
942 _2ddc
_cBK
999 _c31557
_d31557